00933nam a2200229 a 450000100060000000300090000600800410001502000150005604000280007108200160009910000380011524500590015326000700021230000110028249000220029365000450031565000330036094200120039399900170040595201510042295201300057318712CO-ViMGA141112s2004 ck r 000 u spa d a9586552608 aCO-ViMGAbspacCO-ViMGA04a610.73 C1771 aCastrillon, Maria Consuelo92664610aLa Dimensión social de la práctica de enfermería aMedellín, cColombia : Editorial Universidad de Antioquia; 1997 a128 p. aYuluka Enfermeria14aENFERMERIA - EVOLUCION - HISTORIA92664714aENFERMERIA - PRACTICA926648 2ddccBK c27946d27946 00102ddc40708002aMEVIECARbMEVIECARd2015-12-04hVolumen. 1 | 11/jun/2009l0o610.73 C177 p18712r2015-12-04 00:00:00tEj. 1w2015-12-04yBK 00102ddc40708GENaMERESTREbMERESTREcAVd2025-07-29l0o610.73 C177pRES00838r2025-07-29 15:02:57tEj.1w2025-07-29yBK